Solar heating systems for the U.K: design, installation and economic aspects (Record no. 85610)
[ view plain ]
| 000 -LEADER | |
|---|---|
| fixed length control field | 00479cam a2200193 4500 |
| 001 - CONTROL NUMBER | |
| control field | D10025 |
| 008 - FIXED-LENGTH DATA ELEMENTS--GENERAL INFORMATION | |
| fixed length control field | 090401t1979 xxu||||| |||| 00| 0 eng d |
| 035 ## - SYSTEM CONTROL NUMBER | |
| System control number | (Sirsi) u1010 |
| 041 ## - LANGUAGE CODE | |
| Language code of text/sound track or separate title | eng |
| 050 ## - LIBRARY OF CONGRESS CALL NUMBER | |
| Classification number | 697.78 |
| 100 ## - MAIN ENTRY--PERSONAL NAME | |
| Personal name | Wozniak, S.J. |
| 245 ## - TITLE STATEMENT | |
| Title | Solar heating systems for the U.K: design, installation and economic aspects |
| 260 ## - PUBLICATION, DISTRIBUTION, ETC. | |
| Place of publication, distribution, etc. | London |
| Name of publisher, distributor, etc. | HMSO |
| Date of publication, distribution, etc. | 1979 |
| 300 ## - PHYSICAL DESCRIPTION | |
| Extent | vii. 100p. ill |
| 350 ## - PRICE (NR) (BK AM CF MU VM SE) [OBSOLETE] | |
| Price | 6 |
| 490 ## - SERIES STATEMENT | |
| Series statement | BRE Report |
| 942 ## - ADDED ENTRY ELEMENTS (KOHA) | |
| Suppress in OPAC | 0 |
| 948 ## - LOCAL PROCESSING INFORMATION (OCLC); SERIES PART DESIGNATOR (RLIN) | |
| c (OCLC) | 04/03/1997 |
| Withdrawn status | Lost status | Source of classification or shelving scheme | Damaged status | Not for loan | Home library | Current library | Shelving location | Date acquired | Cost, normal purchase price | Total Checkouts | Full call number | Barcode | Date last seen | Date last checked out | Copy number | Cost, replacement price | Price effective from | Koha item type |
|---|---|---|---|---|---|---|---|---|---|---|---|---|---|---|---|---|---|---|
| Dewey Decimal Classification | London | London | Folio | 14/09/1999 | 6.00 | 1 | F697.78 | 30021722 | 06/08/2019 | 29/03/2001 | 1 | 6.00 | 06/08/2019 | Book |